000 00354nam a2200133Ia 4500
005 20260328104315.0
008 260328s9999||||xx |||||||||||||| ||und||
100 _aKlotz, Heinrich
245 0 _aNue Museumsbauten in der bundesrepublik deutschland /
_cHeinrich Klotz
260 _bGoethe Institut
300 _a140 p.
650 _aMUSEOS
942 _cBK
999 _c11128
_d11128